The Westminster bank : through a century /

Saved in:
Bibliographic Details
Main Author: Gregory, Theodor Emanuel Gugenheim, 1890-1970
Other Authors: Henderson, Mrs. Annette
Format: Book
Language:English
Published: Lond. : Westminster Bank, 1936.
Subjects:
LEADER 01160nam a2200265 a 4500
001 c000021178
003 CARM
005 19980203000000.0
008 910903s1936 enk 000 eng S
019 1 |a 8797597  |z 54069458  |5 LACONCORD2021 
035 |a (OCoLC)2640862  |5 LACONCORD2021 
040 |a SFU  |b eng  |c SFU  |d VSJ 
100 1 |a Gregory, Theodor Emanuel Gugenheim,  |d 1890-1970. 
245 0 4 |a The Westminster bank :  |b through a century /  |c By T. E. Gregory assisted by Annette Henderson ; with a preface by the Hon. Rupert E. Beckett. 
260 |a Lond. :  |b Westminster Bank,  |c 1936. 
300 |a 2v. 
610 2 0 |a Westminster Bank Limited. 
650 0 |a Bankers  |z Great Britain. 
700 1 |a Henderson, Mrs. Annette. 
852 8 |b CARM  |h A2:AF26E0  |i C01255  |p 0069977  |f BK 
852 8 |b CARM  |h A2:AF26E0  |i C01255  |p 0069975  |f BK 
082 0 |a 332.10942 
999 f f |i 13419850-81b7-594b-9fd2-91db83c6cf83  |s e69a6f84-fff9-5b62-8318-d97b19a9c3be 
952 f f |p Can circulate  |a CAVAL  |b CAVAL  |c CAVAL  |d CARM 1 Store  |e C01255  |f A2:AF26E0  |h Other scheme  |i book  |j v.1 held  |m 0069977 
952 f f |p Can circulate  |a CAVAL  |b CAVAL  |c CAVAL  |d CARM 1 Store  |e C01255  |f A2:AF26E0  |h Other scheme  |i book  |j v.2 held  |m 0069975